| 000 | 00369nam a2200145Ia 4500 | ||
|---|---|---|---|
| 008 | 230917s9999||||xx |||||||||||||| ||und|| | ||
| 040 |
_e196444 _aMAIN |
||
| 041 | _aEnglish | ||
| 082 | _a954.5 G151P | ||
| 100 | _aGandhi, Surjit Singh | ||
| 245 | 0 | _aPunjab under the great Mughal | |
| 260 |
_aNew Delhi _bAtlantic Publishers _c2011 |
||
| 300 | _a332 p. | ||
| 942 | _cBK | ||
| 999 |
_c163467 _d163467 |
||